Consultant report on tilapia hatchery and pond farming for AADCP component 3 (Philippines) : (Aquaculture technology verification and training)

שמור ב:
מידע ביבליוגרפי
מחבר ראשי: Lazard, Jérôme
פורמט: ספר
שפה:Undetermined
יצא לאור: Philippines Aquaculture and fisheries programme 1992
נושאים:
תגים: הוספת תג
אין תגיות, היה/י הראשונ/ה לתייג את הרשומה!
Thư viện lưu trữ: Trung tâm Học liệu Trường Đại học Cần Thơ
LEADER 00662nam a2200193Ia 4500
001 CTU_150582
008 210402s9999 xx 000 0 und d
082 |a 639.31 
082 |b L431 
100 |a Lazard, Jérôme 
245 0 |a Consultant report on tilapia hatchery and pond farming for AADCP component 3 (Philippines) : 
245 0 |b (Aquaculture technology verification and training) 
245 0 |c Jérôme Lazard 
260 |a Philippines 
260 |b Aquaculture and fisheries programme 
260 |c 1992 
650 |a Freshwater fishes,Cá nước ngọt 
904 |i Trọng Hải 
980 |a Trung tâm Học liệu Trường Đại học Cần Thơ